Statistics for Best-Selling Candy Quiz

Click here to take the quiz!

General Stats

  • This quiz has been taken 29,385 times
    (29,342 since last reset)
  • The average score is 9 of 25

Answer Stats

RankingCandy% Correct
1M&M's
90%
4Snickers
76%
14Skittles
73%
21Hershey's Kisses
69%
3Hershey's
67%
2Reese's Peanut Butter Cups
66%
18Milky Way
53%
9Kit-Kat
51%
12Twix
51%
163 Musketeers
41%
19Butterfinger
37%
17Starburst
34%
13Twizzlers
28%
6Trident
20%
20Trident White
20%
22Tic Tac
19%
5Orbit
17%
24Orbit White
17%
75 Gum
16%
10Extra
11%
15Dove
9%
8Stride
9%
25Ice Breakers
8%
23Dentyne
7%
11Eclipse
4%

Score Distribution

Percentile by Number Answered

Percent of People with Each Score

Your Score History

You have not taken this quiz since the last reset